Most Vehicles Per Capita - Statistics

General Stats
  • This quiz has been taken 12 times
  • The average score is 9 of 20
Answer Stats
Vehicles
per
1.000
people
Country % Correct
677 Canada
92%
779 United States
92%
701 Italy
83%
776 Australia
58%
670 Japan
58%
629 Poland
58%
1.214 Andorra
50%
817 New Zealand
50%
1.606 San Marino
50%
999 Taiwan
50%
639 Iceland
42%
608 Czechia
33%
767 Liechtenstein
33%
670 Luxembourg
33%
666 Finland
25%
678 Malaysia
25%
805 Brunei
17%
661 Cyprus
17%
635 Estonia
17%
650 Bahamas
8%
No matching quizzes found
Score Distribution
Percent of People with Each Score
Percentile by Number Answered
Your Score History
You have not taken this quiz